Vizantiĭskoe steklo : ocherki istorii /
Saved in:
| Main Author: | |
|---|---|
| Format: | Book |
| Language: | Russian |
| Published: |
Moskva :
Ėditorial URSS,
1998.
|
| Subjects: | |
| Tags: |
Add Tag
No Tags, Be the first to tag this record!
|
| LEADER | 01016nam a2200277 a 4500 | ||
|---|---|---|---|
| 001 | 007770592-0 | ||
| 005 | 20050319114803.0 | ||
| 008 | 980717s1998 ru a b 000 0 ruso | ||
| 010 | |a 98172167 | ||
| 020 | |a 5901006313 | ||
| 035 | 0 | |a ocm39890617 | |
| 040 | |a DLC |c DLC |d MH-FA | ||
| 041 | 0 | |a rus |b eng | |
| 043 | |a mm----- | ||
| 050 | 0 | 0 | |a NK5108.8 |b .S53 1998 |
| 100 | 1 | |a Shchapova, I︠U︡. L. |q (I︠U︡lii︠a︡ Leonidovna) | |
| 245 | 1 | 0 | |a Vizantiĭskoe steklo : |b ocherki istorii / |c I︠U︡.L. Shchapova. |
| 260 | |a Moskva : |b Ėditorial URSS, |c 1998. | ||
| 300 | |a 283 p. : |b ill. ; |c 21 cm. | ||
| 500 | |a At head of title: Moskovskiĭ gosudarstvennyĭ universitet im. M.L. Lomonosova. | ||
| 504 | |a Includes bibliographical references. | ||
| 546 | |a Summary also in English. | ||
| 650 | 0 | |a Glassware, Byzantine |x Expertising. | |
| 776 | 0 | 8 | |i Online version: |a Shchapova, I͡U. L. (I͡Ulii͡a Leonidovna). |t Vizantiĭskoe steklo. |d Moskva : Ėditorial URSS, 1998 |w (OCoLC)603787871 |
| 988 | |a 20020608 | ||
| 906 | |0 DLC | ||


